|
|
|
|
| LEADER |
01179nam a2200337Ia 4500 |
| 001 |
EBC501463 |
| 003 |
MiAaPQ |
| 005 |
20200520144314.0 |
| 006 |
m o d | |
| 007 |
cr cn||||||||| |
| 008 |
100401s2009 ne s 000 0 eng d |
| 020 |
|
|
|z 9781607500773
|
| 020 |
|
|
|z 9781607504740
|
| 035 |
|
|
|a (MiAaPQ)EBC501463
|
| 035 |
|
|
|a (Au-PeEL)EBL501463
|
| 035 |
|
|
|a (CaPaEBR)ebr10375708
|
| 035 |
|
|
|a (CaONFJC)MIL260082
|
| 035 |
|
|
|a (OCoLC)700682198
|
| 040 |
|
|
|a MiAaPQ
|c MiAaPQ
|d MiAaPQ
|
| 050 |
|
4 |
|a HT361
|b .B73 2009
|
| 100 |
1 |
|
|a Brand, Nikki.
|
| 245 |
1 |
0 |
|a Urbanism
|h [electronic resource] :
|b PHD research 2008-2012 /
|c Nikki Brand [et. al]; edited by F.D. van der Hoeven.
|
| 260 |
|
|
|a Amsterdam :
|b IOS Press,
|c c2009.
|
| 300 |
|
|
|a 139 p.
|
| 533 |
|
|
|a Electronic reproduction. Ann Arbor, MI : ProQuest, 2015. Available via World Wide Web. Access may be limited to ProQuest affiliated libraries.
|
| 650 |
|
0 |
|a Urbanization.
|
| 650 |
|
0 |
|a Land use
|x Planning.
|
| 655 |
|
4 |
|a Electronic books.
|
| 700 |
1 |
|
|a van der Hoeven, F. D.
|
| 710 |
2 |
|
|a ProQuest (Firm)
|
| 856 |
4 |
0 |
|u https://ebookcentral.proquest.com/lib/matrademy/detail.action?docID=501463
|z Click to View
|